On This Day: October 17th Quiz Stats

 Plays Quiz Updated Oct 17, 2017

Challenge
Share
Tweet
Embed
Score 0/7 Timer 03:00
1 Play Today
Question Answer Wrong Answers
______ imposes an oil embargo against a number of Western countries, considered to have helped Israel in its war against Egypt and Syria.
1973
OPEC
93.7%
OECD
2.4%
BOAD
0.9%
IBRD
1%
American rapper Marshall Mathers, known professionally by this stage name, is born.
1972
Eminem
90.9%
50 Cent
3.7%
Dr. Dre
3.2%
Nas
0.4%
This notorious American mobster and crime boss, sometimes known by the nickname Scarface, is convicted of income tax evasion.
1931
Al Capone
90.8%
John Dillinger
3.1%
Bugsy Siegel
4%
Eliot Ness
1.2%
The Department of Education Organization Act is signed into law, codifying the US Department of Education and the US Department of Health and ______ Services.
1979
Human
89.4%
Personal
6.8%
Helpful
0.7%
Valuable
1%
This German-born theoretical physicist flees Nazi Germany and moves to the United States.
1933
Albert Einstein
75.9%
Niels Bohr
5.5%
Enrico Fermi
1.8%
J. Robert Oppenheimer
15.3%
This now defunct American electronics company, at one time the dominant communications firm in the United States, is incorporated.
1919
RCA
68.4%
Casio
9.8%
JVC
12.9%
Sharp
8.5%
This golf tournament, the oldest of the four major championships in professional golf, takes place for the first time.
1860
The Open Championship
40.8%
US Open
18.1%
PGA Championship
8.8%
Masters Tournament
32.2%

Today's Daily Dose

You're not logged in!

Compare scores with friends on all Sporcle quizzes.
Join for Free
OR
Log In

You Might Also Like...

Show Comments

Extras

Top Quizzes Today


Score Distribution

Your Account Isn't Verified!

In order to create a playlist on Sporcle, you need to verify the email address you used during registration. Go to your Sporcle Settings to finish the process.

Report this User

Report this user for behavior that violates our Community Guidelines.

Details: